R.E.M. - Automatic for the People Songs - Statistics

General Stats
  • This quiz has been taken 16 times
  • The average score is 8 of 12
Answer Stats
Length Song % Correct
5:17 Everybody Hurts
92%
4:31 Drive
85%
5:13 Man on the Moon
77%
4:16 Nightswimming
77%
3:50 Find the River
69%
2:13 New Orleans Instrumental No. 1
69%
4:06 The Sidewinder Sleeps Tonite
69%
4:24 Ignoreland
62%
3:15 Star Me Kitten
62%
3:17 Monty Got a Raw Deal
54%
4:19 Sweetness Follows
46%
3:50 Try Not to Breathe
46%
No matching quizzes found
Score Distribution
Percent of People with Each Score
Percentile by Number Answered
Your Score History
You have not taken this quiz